Statistics for US Cities Over 500,000 Population With Shortest Names

Click here to take the quiz!

General Stats

  • This quiz has been taken 154 times
  • The average score is 12 of 15

Answer Stats

# of letterscity% Correct
6Dallas
95%
7Detroit
95%
6Boston
91%
7Houston
91%
6Austin
88%
7Seattle
86%
6Denver
85%
7Chicago
84%
7Phoenix
81%
7Memphis
73%
6El Paso
71%
6Fresno
63%
7New York
59%
7San Jose
59%
6Tucson
57%

Score Distribution

Percentile by Number Answered

Percent of People with Each Score

Your Score History

You have not taken this quiz